[Event "AUTO-MASTER-1047"]
[Site "http://www.queenalice.com/game.php?id=733968"]
[Date "2010.2.18"]
[Round "1"]
[White "IgorLutz"]
[Black "snebur1956"]
[Result "0-1"]
[WhiteElo "2224"]
[BlackElo "2090"]

1. d4 Nf6 2. c4 g6 3. Nf3 Bg7 4. Nc3 d5 5. cxd5 Nxd5 6. e4 Nxc3 7. bxc3 c5 8.
Rb1 O-O 9. Be3 cxd4 10. cxd4 Qa5+ 11. Qd2 Qxd2+ 12. Nxd2 b6 13. Be2 Nc6 14. d5
Nd4 15. Bd3 f5 16. Rb4 fxe4 17. Bxe4 Nf5 18. d6 Rb8 19. dxe7 Nxe7 20. O-O Be6
21. Ra4 a5 22. Rb1 Bc3 23. Bg5 Nd5 24. Bf3 Bb4 25. Re1 Bf7 0-1

[Event "AUTO-MASTER-1047"]
[Site "http://www.queenalice.com/game.php?id=733977"]
[Date "2010.2.18"]
[Round "1"]
[White "boydelta"]
[Black "IgorLutz"]
[Result "0-1"]
[WhiteElo "2288"]
[BlackElo "2156"]

1. e4 c5 2. d3 Nc6 3. f4 e6 4. Nf3 d6 5. Be2 g6 6. O-O Bg7 7. c3 Nge7 8. Kh1 O-O
9. a4 Bd7 10. Na3 a6 11. Nc4 Qc7 12. Qc2 b5 13. axb5 axb5 14. Rxa8 Rxa8 15. Ne3
b4 16. Bd2 Ra2 17. Qb3 Qa7 18. Nc4 bxc3 19. bxc3 d5 20. Nb6 Be8 21. Rb1 c4 22.
Qd1 cxd3 23. Bxd3 dxe4 24. Bxe4 Na5 25. Ne5 Qc7 26. Na8 Qd6 27. Be3 Qxd1+ 28.
Rxd1 Re2 29. Rd8 Rxe3 30. Rxe8+ Bf8 31. g3 Rxe4 32. Nd7 Kg7 33. Nxf8 Nd5 34. Nd7
Re1+ 35. Kg2 Re2+ 36. Kg1 Nc4 37. Rc8 Nd2 38. Ne5 Ne3 0-1

[Event "AUTO-MASTER-1047"]
[Site "http://www.queenalice.com/game.php?id=733978"]
[Date "2010.2.18"]
[Round "1"]
[White "IgorLutz"]
[Black "boydelta"]
[Result "1-0"]
[WhiteElo "2177"]
[BlackElo "2259"]

1. d4 Nf6 2. c4 e6 3. Nf3 Bb4+ 4. Bd2 Be7 5. Nc3 d5 6. e3 O-O 7. Be2 dxc4 8.
Bxc4 c5 9. O-O b6 10. Rc1 Bb7 11. dxc5 Bxc5 12. Qe2 Qe7 13. Rfd1 Nc6 14. a3 Rfd8
15. b4 Bd6 16. Nb5 Bb8 17. Bc3 a6 18. Rxd8+ Nxd8 19. Nbd4 Ne4 20. Bb2 Ng5 21.
Nd2 Qf6 22. f4 Qh6 23. Qd3 Bc7 24. Bxa6 Bxa6 25. b5 e5 26. fxg5 Qd6 27. Ne4 Qd7
28. bxa6 exd4 29. Qxd4 Qxd4 30. exd4 Bf4 31. Re1 Ne6 32. d5 Nxg5 33. Nxg5 Bxg5
34. d6 f5 35. d7 Kf7 36. Re8 1-0

[Event "Hot Sun"]
[Site "http://www.queenalice.com/game.php?id=739215"]
[Date "2010.3.1"]
[Round "-"]
[White "IgorLutz"]
[Black "tranquilli_calmo"]
[Result "1-0"]
[WhiteElo "2169"]
[BlackElo "2027"]

1. d4 Nf6 2. c4 g6 3. Nc3 Bg7 4. e4 d6 5. Nf3 O-O 6. Be2 e5 7. Be3 exd4 8. Nxd4
Re8 9. f3 a6 10. O-O Nbd7 11. Qd2 Ne5 12. Rad1 Be6 13. b3 Qe7 14. Bg5 Qf8 15.
Nd5 Bxd5 16. cxd5 Kh8 17. Rc1 Rac8 18. Rc2 h6 19. Be3 Kh7 20. Rfc1 Qe7 21. b4
Ned7 22. Rxc7 Rxc7 23. Rxc7 Nxd5 24. Rxd7 Qxd7 25. exd5 Qe7 26. Nc2 f5 27. Bd3
Qc7 28. Bd4 Bxd4+ 29. Nxd4 Re5 30. Ne6 Qb6+ 31. Kf1 Rxd5 32. Qc3 Re5 33. Nf8+
1-0

[Event "match"]
[Site "http://www.queenalice.com/game.php?id=745033"]
[Date "2010.3.12"]
[Round "-"]
[White "negaadelaide"]
[Black "IgorLutz"]
[Result "1/2-1/2"]
[WhiteElo "1838"]
[BlackElo "2187"]

1. d4 Nf6 2. Nf3 g6 3. e3 Bg7 4. Nc3 O-O 5. Bd3 d5 6. h3 c6 7. O-O Nbd7 8. a3
Qc7 9. e4 dxe4 10. Nxe4 Nxe4 11. Bxe4 e5 12. d5 cxd5 13. Bxd5 Nb6 14. Bb3 Bf5
15. Ng5 h6 16. Nf3 Rfd8 17. Qe2 Rac8 18. Be3 Nd5 19. Rfd1 Nxe3 20. Rxd8+ Rxd8
21. fxe3 e4 22. Nd4 Bxd4 23. exd4 Rxd4 24. Qb5 Qd7 25. Qxd7 Rxd7 26. Re1 Rd2 27.
g4 Bd7 28. Rxe4 Bc6 29. Rf4 Be8 30. Rc4 Bc6 31. Rf4 Rd7 32. Kf2 1/2-1/2

[Event "Challenge"]
[Site "http://www.queenalice.com/game.php?id=745773"]
[Date "2010.3.13"]
[Round "-"]
[White "tewzim"]
[Black "IgorLutz"]
[Result "0-1"]
[WhiteElo "1179"]
[BlackElo "2186"]

1. e4 c5 2. Nf3 d6 3. d4 cxd4 4. Nxd4 Nf6 5. Nc3 Nc6 6. Nf3 e6 7. b3 Be7 8. Bb5
Bd7 9. O-O O-O 10. e5 dxe5 0-1

[Event "viva consegui um empate.milagre!"]
[Site "http://www.queenalice.com/game.php?id=756817"]
[Date "2010.4.5"]
[Round "-"]
[White "IgorLutz"]
[Black "negaadelaide"]
[Result "1-0"]
[WhiteElo "2208"]
[BlackElo "1616"]

1. e4 c5 2. Nf3 e6 3. d4 cxd4 4. Nxd4 Nc6 5. Nc3 Bb4 6. Be2 h6 7. O-O Nge7 8.
Nxc6 Nxc6 9. Bd2 O-O 10. a3 Bxc3 11. Bxc3 e5 12. Qd6 Re8 13. Bc4 Qg5 14. Rad1
Qe7 15. Qg6 Qf6 16. Qxf6 gxf6 17. Rd6 Kg7 18. Rfd1 a6 19. R1d3 Ne7 20. Rg3+ Kf8
21. Rxf6 d5 22. Rxh6 Ng6 23. Bxd5 Be6 24. h4 Kg7 25. Rh5 Bxd5 26. exd5 f6 27.
Rf5 1-0

[Event "AUTO-ELITE-572"]
[Site "http://www.queenalice.com/game.php?id=793924"]
[Date "2010.6.23"]
[Round "1"]
[White "pumamercedino"]
[Black "IgorLutz"]
[Result "1-0"]
[WhiteElo "2471"]
[BlackElo "2254"]

1. e4 c5 2. Nf3 e6 3. d4 cxd4 4. Nxd4 Nf6 5. Nc3 d6 6. g4 Nc6 7. g5 Nd7 8. Be3
Be7 9. h4 a6 10. h5 Bxg5 11. Nxc6 bxc6 12. Qxd6 Bxe3 13. fxe3 Qb6 14. O-O-O Rb8
15. Na4 Qxe3+ 16. Kb1 a5 17. h6 g6 18. Ba6 Qa7 19. Bc4 1-0

[Event "AUTO-ELITE-572"]
[Site "http://www.queenalice.com/game.php?id=793925"]
[Date "2010.6.23"]
[Round "1"]
[White "IgorLutz"]
[Black "pumamercedino"]
[Result "0-1"]
[WhiteElo "2201"]
[BlackElo "2489"]

1. d4 g6 2. c4 Bg7 3. Nc3 d6 4. Nf3 Nd7 5. e4 e5 6. Be3 exd4 7. Bxd4 Ngf6 8. Be2
O-O 9. O-O Re8 10. Qc2 b6 11. Rfe1 Bb7 12. Bd3 a5 13. Rad1 Nc5 14. Nd5 Ng4 15.
Bxg7 Kxg7 16. h3 Ne5 17. Nxe5 dxe5 18. Rd2 c6 19. Nc3 Qe7 20. Red1 Rad8 21. Na4
Nxa4 22. Qxa4 Rd4 23. Qc2 c5 24. f3 Bc8 25. Be2 Be6 0-1

[Event "AUTO-ELITE-572"]
[Site "http://www.queenalice.com/game.php?id=793930"]
[Date "2010.6.23"]
[Round "1"]
[White "IgorLutz"]
[Black "Datalcar"]
[Result "0-1"]
[WhiteElo "2209"]
[BlackElo "2351"]

1. d4 Nf6 2. c4 e6 3. Nf3 b6 4. g3 Bb7 5. Bg2 d5 6. O-O dxc4 7. Qa4+ Qd7 8. Qxc4
Nc6 9. Nc3 O-O-O 10. Rd1 Na5 11. Qd3 Nc6 12. Bf4 Bd6 13. Bxd6 Qxd6 14. Rac1 Kb8
15. e4 Qe7 0-1

[Event "AUTO-ELITE-572"]
[Site "http://www.queenalice.com/game.php?id=793931"]
[Date "2010.6.23"]
[Round "1"]
[White "Datalcar"]
[Black "IgorLutz"]
[Result "1-0"]
[WhiteElo "2343"]
[BlackElo "2217"]

1. d4 d5 2. c4 c6 3. Nf3 Nf6 4. Nc3 e6 5. Bg5 Be7 6. e3 Nbd7 7. Qc2 O-O 8. cxd5
exd5 9. Bd3 h6 10. Bh4 Re8 11. O-O Nb6 12. Rae1 Be6 13. Ne5 Rc8 14. f4 Ng4 15.
Bxe7 Rxe7 16. Bh7+ Kf8 17. f5 1-0

[Event "AUTO-OPEN-2018"]
[Site "http://www.queenalice.com/game.php?id=794063"]
[Date "2010.6.23"]
[Round "1"]
[White "TheBigSid"]
[Black "IgorLutz"]
[Result "0-1"]
[WhiteElo "2190"]
[BlackElo "2220"]

1. d4 d5 2. c4 c6 3. Nc3 Nf6 4. Nf3 e6 5. e3 Be7 6. Bd3 dxc4 7. Bxc4 b5 8. Bd3
Bb7 9. O-O a6 10. a3 c5 11. Qe2 O-O 12. dxc5 Bxc5 13. Rd1 Qe7 14. b4 Bb6 15. Bb2
Nbd7 16. Rac1 Rac8 17. Bb1 Rfd8 18. h3 e5 19. Ba2 Rc7 20. Ng5 Rf8 21. e4 h6 22.
Nf3 Rfc8 23. Rd2 Nxe4 24. Rdc2 Nxf2 25. Kh2 e4 26. Nd2 Ne5 27. Ndxe4 Neg4+ 0-1

[Event "AUTO-OPEN-2018"]
[Site "http://www.queenalice.com/game.php?id=794064"]
[Date "2010.6.23"]
[Round "1"]
[White "IgorLutz"]
[Black "TheBigSid"]
[Result "1-0"]
[WhiteElo "2243"]
[BlackElo "2196"]

1. d4 Nf6 2. c4 e6 3. Nf3 b6 4. g3 Bb7 5. Bg2 Be7 6. O-O O-O 7. Nbd2 c5 8. e3 d5
9. b3 Nc6 10. Bb2 cxd4 11. Nxd4 Nxd4 12. Bxd4 Rc8 13. Rc1 Qd7 14. Nf3 dxc4 15.
Ne5 Qc7 16. Rxc4 Qb8 17. Nc6 Bxc6 18. Rxc6 Rxc6 19. Bxc6 Qc7 20. Bg2 Rc8 21. Qd3
Qc2 22. Qa6 Qc7 23. Be5 Qc5 24. Qxa7 Qxe5 25. Qxe7 Qb2 26. Rd1 h6 27. Rd8+ Rxd8
28. Qxd8+ Kh7 29. Qxb6 Qxa2 30. Bf3 h5 31. Qb5 h4 32. Qd3+ g6 33. b4 Qb2 34. Qd4
Qb1+ 35. Kg2 Kg7 36. Qxh4 e5 37. Bc6 1-0

[Event "AUTO-OPEN-2018"]
[Site "http://www.queenalice.com/game.php?id=794088"]
[Date "2010.6.23"]
[Round "1"]
[White "IgorLutz"]
[Black "sheldon_1945"]
[Result "0-1"]
[WhiteElo "2240"]
[BlackElo "1636"]

1. e4 c5 2. Nf3 d6 3. d4 cxd4 4. Nxd4 Nf6 5. Nc3 a6 6. Be3 e5 7. Nb3 Be6 8. Be2
Be7 9. Nd5 Nxd5 10. exd5 Bf5 11. O-O Nd7 12. f4 exf4 13. Bxf4 O-O 14. Nd4 Bg6
15. Qd2 Re8 16. Rae1 Qb6 17. c3 Bh4 0-1

[Event "AUTO-OPEN-2018"]
[Site "http://www.queenalice.com/game.php?id=794101"]
[Date "2010.6.23"]
[Round "1"]
[White "maurice91"]
[Black "IgorLutz"]
[Result "0-1"]
[WhiteElo "1730"]
[BlackElo "2238"]

1. c4 Nf6 2. d4 d6 3. Nc3 g6 4. e4 Bg7 5. f3 O-O 6. Be3 e5 7. d5 c6 8. Nge2 cxd5
9. cxd5 Nh5 10. g3 f5 11. Bg2 Nd7 12. O-O f4 13. Bf2 b6 14. Qd2 Ba6 15. Rfe1 Nc5
16. g4 Nf6 17. Bh4 Nfxe4 18. fxe4 Qxh4 19. Bf3 Bc8 20. Nb5 Bxg4 21. Qc3 Nxe4 22.
Bxe4 f3 23. Ng3 f2+ 24. Kh1 fxe1=Q+ 25. Rxe1 Rac8 26. Qe3 Bh6 27. Qg1 Rc2 28.
Nxd6 Rff2 29. Ne2 Bxe2 30. Bg2 Bf3 31. Bxf3 Rxh2+ 0-1

[Event "AUTO-OPEN-2018"]
[Site "http://www.queenalice.com/game.php?id=794102"]
[Date "2010.6.23"]
[Round "1"]
[White "IgorLutz"]
[Black "maurice91"]
[Result "1-0"]
[WhiteElo "2239"]
[BlackElo "1730"]

1. e4 e6 2. d4 d5 3. Nd2 dxe4 4. Nxe4 Be7 5. Nf3 Nf6 6. Bd3 c5 7. c3 cxd4 8.
Nxd4 Bd7 9. O-O O-O 10. Be3 Nc6 11. Nxf6+ Bxf6 12. Nf3 e5 13. Qc2 h6 14. Rad1
Qc7 15. Rfe1 Bg4 16. Be4 Rfe8 17. Qa4 Bd7 18. Rd2 Rad8 19. Red1 a6 20. Bc5 Nd4
21. Qb4 Nc6 22. Bb6 Qb8 23. Qd6 Qxd6 24. Rxd6 Be7 25. Rxd7 Rxd7 26. Rxd7 Bf6 27.
Rxb7 Ne7 28. c4 g5 29. Ra7 Nc8 30. Rxa6 Nd6 31. Bd5 Bg7 32. Bc5 Nf5 33. Ra7 Kh8
34. Rxf7 Rb8 35. b4 1-0

[Event "AUTO-ELITE-573"]
[Site "http://www.queenalice.com/game.php?id=794885"]
[Date "2010.6.25"]
[Round "1"]
[White "Carotino"]
[Black "IgorLutz"]
[Result "1-0"]
[WhiteElo "2335"]
[BlackElo "2249"]

1. e4 c5 2. Nf3 e6 3. d3 Nc6 4. g3 d6 5. Bg2 g6 6. O-O Bg7 7. c3 Nge7 8. Re1 O-O
9. a4 Qc7 10. Nbd2 Bd7 11. Nc4 f5 12. h4 fxe4 13. dxe4 d5 14. exd5 exd5 15. Ne3
d4 16. Qb3+ Kh8 17. Nc4 dxc3 18. bxc3 Nd5 19. Ng5 Nce7 20. Bb2 h6 21. Ne6 Bxe6
22. Rxe6 Rad8 23. Rd1 Rd7 24. Rde1 Rf6 25. R6e2 Nc6 26. Re8+ Rf8 27. Qc2 1-0

[Event "AUTO-ELITE-573"]
[Site "http://www.queenalice.com/game.php?id=794886"]
[Date "2010.6.25"]
[Round "1"]
[White "IgorLutz"]
[Black "Carotino"]
[Result "1/2-1/2"]
[WhiteElo "2240"]
[BlackElo "2328"]

1. d4 Nf6 2. c4 g6 3. Nc3 Bg7 4. e4 d6 5. Nf3 O-O 6. Be2 e5 7. Be3 Nc6 8. d5 Ne7
9. Nd2 Nd7 10. b4 f5 11. f3 b6 12. Nb3 fxe4 13. Nxe4 Nf5 14. Bf2 Nf6 15. O-O Bh6
16. Qd3 Nh5 17. g3 Nf6 18. a4 a5 19. bxa5 bxa5 20. Qc3 Bd7 21. Rfe1 Bg7 22. Nxa5
1/2-1/2